| 000 | 00727cam a2200241 4500 | ||
|---|---|---|---|
| 001 | 4826 | ||
| 005 | 20250328160057.0 | ||
| 008 | 761210t19771966nyu b 000 1 eng | ||
| 010 | _a 76030631 | ||
| 020 | _a9780553214390 | ||
| 100 | 1 |
_aAnderson, Sherwood, _d1876-1941. |
|
| 245 | 1 | 0 |
_aWinesburg, Ohio. _b |
| 260 |
_aLondon ; _bBantam Books, _c1995. |
||
| 300 |
_a232 p. ; _c20 cm. |
||
| 490 | 0 | _aThe Viking critical library | |
| 600 | 1 | 0 |
_aAnderson, Sherwood, _d1876-1941. _tWinesburg, Ohio. |
| 650 | 0 |
_aCity and town life _xFiction. |
|
| 650 | 0 | _aCity and town life in literature. | |
| 651 | 0 |
_aOhio _xIn literature. |
|
| 651 | 0 |
_aOhio _xSocial life and customs _xFiction. |
|
| 942 |
_2ddc _cFIC |
||
| 999 |
_c4008 _d4008 |
||